Religion in Belgium - Statistics

General Stats
  • This quiz has been taken 49 times
  • The average score is 5 of 9
Answer Stats
Percentage Religion % Correct
5.0% Islam
100%
0.3% Judaism
70%
0.3% Buddhism
63%
1.0% Orthodox
56%
3.0% Protestantism
56%
60.0% Catholicism
53%
21.0% No religion
37%
4.0% Other Religions
21%
2.0% Other Christians
19%
No matching quizzes found
Score Distribution
Percent of People with Each Score
Percentile by Number Answered
Your Score History
You have not taken this quiz